[Event "18. Open de la Constitución 2016"]
[Site "San Sebastian de los Reyes ES"]
[Date "2016.12.10"]
[Round "8.28"]
[White "Karunanithi, Bharath"]
[Black "Martinez Miura, Enrique"]
[Result "0-1"]
[WhiteElo "1345"]
[BlackElo "1620"]
[PlyCount "66"]
[EventDate "2016.12.03"]
[EventType "swiss"]
[EventRounds "9"]
[EventCountry "ESP"]
[SourceTitle "Ajedrez en Madrid"]
[Source "lmi"]
[SourceDate "2016.12.03"]

1. d4 e6 2. c4 d5 3. Nf3 Nf6 4. Nc3 c6 5. cxd5 exd5 6. Bf4 Be7 7. e3 O-O 8. h3
h6 9. Bd3 Qb6 10. Qc2 Be6 11. O-O Nbd7 12. a3 a5 13. Ne5 Nxe5 14. Bxe5 Rac8 15.
Qe2 Nd7 16. Bf4 c5 17. dxc5 Nxc5 18. Bc2 Bf6 19. Nd1 Nb3 20. Rb1 Rc4 21. Qd3 g6
22. Bxb3 Bf5 23. Qxd5 Qxb3 24. Rc1 Be6 25. Qd2 Rd8 26. Bd6 Rxc1 27. Qxc1 Rxd6
28. e4 Bg7 29. f4 Bd4+ 30. Kh1 Qd3 31. Nf2 Bxf2 32. e5 Rc6 33. Qa1 Rc2 0-1

[Event "18. Open de la Constitución 2016"]
[Site "San Sebastian de los Reyes ES"]
[Date "2016.12.10"]
[Round "8.29"]
[White "Garcia Lopez, Fernando"]
[Black "Vallespin Morales, Antonio"]
[Result "0-1"]
[WhiteElo "1608"]
[BlackElo "1281"]
[PlyCount "142"]
[EventDate "2016.12.03"]
[EventType "swiss"]
[EventRounds "9"]
[EventCountry "ESP"]
[SourceTitle "Ajedrez en Madrid"]
[Source "lmi"]
[SourceDate "2016.12.03"]

1. e4 c5 2. Nf3 e6 3. d4 cxd4 4. Nxd4 a6 5. Nc3 Qc7 6. Bd3 Bc5 7. Nb3 Be7 8.
O-O Nf6 9. f4 d6 10. a4 Nc6 11. a5 O-O 12. Be3 Nb4 13. Bb6 Qb8 14. Be2 d5 15.
e5 Nd7 16. Be3 f6 17. Nd4 Nc5 18. Nf3 Rd8 19. exf6 gxf6 20. Qc1 Nc6 21. Na4 d4
22. Bd2 Ne4 23. Nb6 Bc5 24. Bd3 Nxd2 25. Nxd2 Bxb6 26. axb6 Kh8 27. f5 exf5 28.
Bxf5 Bxf5 29. Rxf5 Ne5 30. Nf3 Nxf3+ 31. Rxf3 Qd6 32. Qf4 Qxb6 33. Qxf6+ Qxf6
34. Rxf6 Rac8 35. Rf2 Rc7 36. Rd1 b5 37. c3 d3 38. Rfd2 Rcd7 39. Re1 Rd6 40.
Re3 Kg8 41. Kf2 Rf8+ 42. Rf3 Rfd8 43. Re3 Rf8+ 44. Ke1 Rfd8 45. Kd1 Kg7 46. Kc1
Kf8 47. b3 a5 48. Kb2 b4 49. Re4 bxc3+ 50. Kxc3 Rc6+ 51. Rc4 Rb6 52. Ra4 Rc6+
53. Rc4 Rb6 54. Rf4+ Kg8 55. Kb2 Rbd6 56. Ra4 Rd5 57. Ka3 Re5 58. Rf4 Re2 59.
Rg4+ Kh8 60. Rd1 d2 61. Rf4 Rxg2 62. h4 Re2 63. Rff1 Kg7 64. Ka4 Rd5 65. Rg1+
Kh6 66. Ka3 Rd4 67. Rh1 Kh5 68. Kb2 Rxh4 69. Rxh4+ Kxh4 70. Kc3 h5 71. Rg1 Re1
0-1

[Event "18. Open de la Constitución 2016"]
[Site "San Sebastian de los Reyes ES"]
[Date "2016.12.10"]
[Round "8.30"]
[White "Pareja Cerrato, Antonio"]
[Black "Rial Rodriguez, Marta"]
[Result "0-1"]
[WhiteElo "1549"]
[BlackElo "1412"]
[PlyCount "70"]
[EventDate "2016.12.03"]
[EventType "swiss"]
[EventRounds "9"]
[EventCountry "ESP"]
[SourceTitle "Ajedrez en Madrid"]
[Source "lmi"]
[SourceDate "2016.12.03"]

1. e4 d5 2. exd5 Nf6 3. d4 Nxd5 4. c4 Nf6 5. Nf3 Bg4 6. Nc3 Nc6 7. Be3 e5 8.
Be2 exd4 9. Nxd4 Nxd4 10. Bxg4 Nxg4 11. Qxd4 Nxe3 12. Qxe3+ Qe7 13. Qe4 Qxe4+
14. Nxe4 Bb4+ 15. Nc3 O-O-O 16. O-O Bxc3 17. bxc3 Rhe8 18. Rfe1 Rxe1+ 19. Rxe1
Rd2 20. g3 Kd7 21. Re3 Rxa2 22. Rf3 f6 23. Rd3+ Kc6 24. Re3 Rd2 25. Re6+ Rd6
26. Re7 Rd7 27. Re8 a5 28. Ra8 b6 29. Rh8 h6 30. f4 Kc5 31. g4 Kxc4 32. h4 a4
33. g5 hxg5 34. hxg5 fxg5 35. fxg5 a3 0-1

[Event "18. Open de la Constitución 2016"]
[Site "San Sebastian de los Reyes ES"]
[Date "2016.12.10"]
[Round "8.31"]
[White "Osuna Osuna, Francisco"]
[Black "Garcia Minguez, Antonio"]
[Result "1-0"]
[WhiteElo "1441"]
[BlackElo "1548"]
[PlyCount "93"]
[EventDate "2016.12.03"]
[EventType "swiss"]
[EventRounds "9"]
[EventCountry "ESP"]
[SourceTitle "Ajedrez en Madrid"]
[Source "lmi"]
[SourceDate "2016.12.03"]

1. e4 d6 2. d4 Nf6 3. Nc3 g6 4. Nf3 Bg7 5. Be2 O-O 6. O-O c5 7. dxc5 dxc5 8.
Qxd8 Rxd8 9. Bf4 a6 10. a4 Nc6 11. Bd3 Bd7 12. Bc7 Rdc8 13. Bb6 Nb4 14. Ba5
Nxd3 15. cxd3 e6 16. Ne5 Be8 17. Nc4 Rc6 18. h3 Nd7 19. Ne2 Ne5 20. Nxe5 Bxe5
21. Bc3 Bg7 22. Bxg7 Kxg7 23. b3 Rd6 24. Rfd1 Rad8 25. Rac1 b6 26. Rc3 Bc6 27.
f3 e5 28. g4 h6 29. Kf2 f6 30. Ke3 Be8 31. h4 Bf7 32. Nc1 Rd4 33. Ke2 Rb4 34.
Rd2 Rdd4 35. a5 bxa5 36. Rxc5 a4 37. bxa4 Rxa4 38. Rc7 Rd6 39. Rb2 f5 40. Rbb7
Rf6 41. g5 hxg5 42. hxg5 fxe4 43. gxf6+ Kxf6 44. Rxf7+ Kg5 45. dxe4 Ra1 46. Nd3
Ra2+ 47. Ke3 1-0

[Event "18. Open de la Constitución 2016"]
[Site "San Sebastian de los Reyes ES"]
[Date "2016.12.10"]
[Round "8.35"]
[White "Asins Martin, Jose"]
[Black "Ojosnegros Martin, Angel"]
[Result "0-1"]
[WhiteElo "1323"]
[BlackElo "1547"]
[PlyCount "80"]
[EventDate "2016.12.03"]
[EventType "swiss"]
[EventRounds "9"]
[EventCountry "ESP"]
[SourceTitle "Ajedrez en Madrid"]
[Source "lmi"]
[SourceDate "2016.12.03"]

1. Nf3 Nf6 2. d4 e6 3. Bf4 b6 4. e3 Bb7 5. Bd3 g6 6. O-O Bg7 7. Nbd2 O-O 8. c4
d6 9. h3 Nbd7 10. Bc2 Qe7 11. b4 e5 12. Bh2 Nh5 13. Rb1 Nhf6 14. d5 a5 15. b5
Nc5 16. Ng5 Rfe8 17. e4 Nh5 18. h4 Bc8 19. Nb3 Nxb3 20. Rxb3 Bh6 21. Nf3 Bg4
22. g3 Qf6 23. a4 Kh8 24. Qd3 Rg8 25. Bd1 Bh3 26. Re1 g5 27. Kh1 g4 28. Ng1
Qxf2 29. Nxh3 Qxe1+ 30. Ng1 Qf2 31. Rb2 Qxb2 32. Ne2 Qd2 33. Qb1 Qe1+ 34. Bg1
Be3 35. Kg2 Bxg1 36. Nxg1 Qxg3+ 37. Kf1 Nf4 38. Ne2 Qg2+ 39. Ke1 g3 40. Nxf4
Qf2# 0-1

[Event "18. Open de la Constitución 2016"]
[Site "San Sebastian de los Reyes ES"]
[Date "2016.12.10"]
[Round "8.36"]
[White "Enriquez Pastor, Jorge"]
[Black "Martin Rodriguez, Jose Luis"]
[Result "1-0"]
[WhiteElo "1415"]
[BlackElo "1343"]
[PlyCount "129"]
[EventDate "2016.12.03"]
[EventType "swiss"]
[EventRounds "9"]
[EventCountry "ESP"]
[SourceTitle "Ajedrez en Madrid"]
[Source "lmi"]
[SourceDate "2016.12.03"]

1. e4 e6 2. d4 d5 3. Nc3 dxe4 4. Nxe4 Nd7 5. Nf3 Ngf6 6. Ng3 Bd6 7. Bg5 h6 8.
Bxf6 Nxf6 9. Bc4 O-O 10. Qd3 Re8 11. O-O-O Ng4 12. Rhf1 c6 13. h3 Nf6 14. Ne4
Nxe4 15. Qxe4 Qc7 16. g4 Qe7 17. Rg1 Qf6 18. h4 Qf4+ 19. Qxf4 Bxf4+ 20. Kb1 b6
21. Ne5 Bb7 22. Nd3 Bc7 23. f4 a5 24. a3 Rad8 25. c3 Re7 26. Rde1 b5 27. Bb3
Bb6 28. f5 c5 29. Nxc5 Bxc5 30. dxc5 Rde8 31. fxe6 fxe6 32. g5 Kh8 33. gxh6
gxh6 34. Rg6 e5 35. Rxh6+ Kg7 36. Rb6 e4 37. Rxb5 e3 38. c6 Bxc6 39. Rg5+ Kh6
40. Bc2 Re6 41. Kc1 Rd8 42. Bb3 Red6 43. Rxe3 Rf6 44. Re6 Rd6 45. Rxd6 Rxd6 46.
Re5 Bf3 47. Re6+ Rxe6 48. Bxe6 Kh5 49. b4 axb4 50. axb4 Kxh4 51. Kd2 Kg5 52.
Ke3 Bc6 53. Kd4 Kf6 54. Bd5 Bd7 55. Kc5 Ke7 56. c4 Kd8 57. Kb6 Kc8 58. Bc6 Be6
59. c5 Kb8 60. b5 Bc8 61. Bd5 Bb7 62. Be6 Ka8 63. c6 Bc8 64. Bd5 Kb8 65. c7#
1-0

[Event "18. Open de la Constitución 2016"]
[Site "San Sebastian de los Reyes ES"]
[Date "2016.12.10"]
[Round "8.38"]
[White "Sanabria Gris, Pol"]
[Black "Tejerina Rincon, Andres"]
[Result "1-0"]
[WhiteElo "1114"]
[BlackElo "1238"]
[PlyCount "61"]
[EventDate "2016.12.03"]
[EventType "swiss"]
[EventRounds "9"]
[EventCountry "ESP"]
[SourceTitle "Ajedrez en Madrid"]
[Source "lmi"]
[SourceDate "2016.12.03"]

1. e4 e5 2. Nf3 Nc6 3. Bb5 a6 4. Bxc6 bxc6 5. Nxe5 Qe7 6. d4 Bb7 7. f3 f6 8.
Nd3 Qe6 9. b3 Ne7 10. Nc5 Qf7 11. Nxb7 d6 12. Na5 d5 13. Qd3 Qe6 14. O-O g5 15.
Re1 f5 16. Bxg5 Rg8 17. Bxe7 Bxe7 18. Nc3 Qg6 19. Re2 Qh6 20. exf5 Kf7 21. Nxc6
Bd6 22. Ne5+ Kf6 23. Ng4+ Rxg4 24. fxg4 Qxh2+ 25. Kf2 Rg8 26. Nxd5+ Kf7 27.
Nxc7 Bxc7 28. Qc4+ Kf6 29. Qxg8 Bg3+ 30. Kf3 Bd6 31. Re6# 1-0

[Event "18. Open de la Constitución 2016"]
[Site "San Sebastian de los Reyes ES"]
[Date "2016.12.11"]
[Round "9.1"]
[White "Martin Duque, Jesus"]
[Black "Hernando Pertierra, Jose C"]
[Result "1/2-1/2"]
[WhiteElo "2295"]
[BlackElo "2362"]
[PlyCount "142"]
[EventDate "2016.12.03"]
[EventType "swiss"]
[EventRounds "9"]
[EventCountry "ESP"]
[SourceTitle "Ajedrez en Madrid"]
[Source "lmi"]
[SourceDate "2016.12.03"]

1. e4 g6 2. d4 Bg7 3. Nf3 c6 4. Nc3 d6 5. Be3 Nf6 6. h3 b5 7. Bd3 O-O 8. O-O
Nbd7 9. a4 b4 10. Ne2 c5 11. c3 bxc3 12. Nxc3 cxd4 13. Nxd4 Bb7 14. a5 Nc5 15.
f3 e5 16. Nb3 Nxd3 17. Qxd3 d5 18. a6 Bxa6 19. Qxa6 d4 20. Rfd1 Qb8 21. Nxd4
exd4 22. Bxd4 Nh5 23. Bxg7 Kxg7 24. Qe2 Nf4 25. Qf2 Qe5 26. Nd5 Rfb8 27. Nxf4
Qxf4 28. Qd4+ Qf6 29. Qxf6+ Kxf6 30. Rd6+ Kg7 31. Rd7 Rxb2 32. Raxa7 Rxa7 33.
Rxa7 h5 34. h4 Kf6 35. Kh2 Re2 36. Kg3 Ke6 37. Ra6+ Ke7 38. Ra5 Ke6 39. Kh2 Kf6
40. Kg1 Ke6 41. Kf1 Rb2 42. g3 Rc2 43. Ra1 Rb2 44. Re1 f5 45. Re2 Rb5 46. Kf2
fxe4 47. Rxe4+ Kf6 48. Ra4 Rb3 49. Rf4+ Kg7 50. Rd4 Kf6 51. Ke2 Ra3 52. Rd3 Ra6
53. Ke3 Ke5 54. Rb3 Kf5 55. Rb5+ Kf6 56. Rd5 Rb6 57. Ke4 Ra6 58. Rd4 Rb6 59.
Ra4 Re6+ 60. Kf4 Rb6 61. Ke4 Re6+ 62. Kf4 Rb6 63. g4 hxg4 64. fxg4 g5+ 65.
hxg5+ Kg6 66. Ra5 Rb4+ 67. Kg3 Rb1 68. Ra6+ Kxg5 69. Ra5+ Kg6 70. Ra6+ Kg5 71.
Ra5+ Kg6 1/2-1/2

[Event "18. Open de la Constitución 2016"]
[Site "San Sebastian de los Reyes ES"]
[Date "2016.12.11"]
[Round "9.2"]
[White "Solaesa Navalpotro, Luis Julio"]
[Black "Perez Gonzalez, Jose Manuel"]
[Result "1-0"]
[WhiteElo "2209"]
[BlackElo "2315"]
[PlyCount "87"]
[EventDate "2016.12.03"]
[EventType "swiss"]
[EventRounds "9"]
[EventCountry "ESP"]
[SourceTitle "Ajedrez en Madrid"]
[Source "lmi"]
[SourceDate "2016.12.03"]

1. d4 g6 2. Nf3 Nf6 3. c4 Bg7 4. Nc3 O-O 5. Bf4 d6 6. e3 Bg4 7. Be2 Nfd7 8. h3
Bxf3 9. Bxf3 Nc6 10. O-O e5 11. dxe5 Ncxe5 12. Be2 Nb6 13. Qb3 Ned7 14. Rfd1
Re8 15. Qc2 Qe7 16. Bf3 Rab8 17. Nb5 Ne5 18. Be2 a6 19. Nd4 Nbd7 20. b4 c5 21.
bxc5 dxc5 22. Nb3 b6 23. Rab1 Nf8 24. Nd2 Ne6 25. Bg3 Nd8 26. Ne4 Ndc6 27. a3
Red8 28. Nc3 Rxd1+ 29. Rxd1 Rd8 30. Nd5 Qa7 31. Bh4 Rb8 32. f4 Nd7 33. Qe4 Nf8
34. Nf6+ Bxf6 35. Bxf6 Na5 36. Bc3 f6 37. Bxf6 Qf7 38. Be5 Re8 39. Qd3 Nc6 40.
Bb2 Qe6 41. Bf3 Qc8 42. Qc3 Re7 43. Bd5+ Ne6 44. Qh8+ 1-0

[Event "18. Open de la Constitución 2016"]
[Site "San Sebastian de los Reyes ES"]
[Date "2016.12.11"]
[Round "9.3"]
[White "Suarez Uriel, Adrian"]
[Black "Quevedo Marin, Manuel"]
[Result "1-0"]
[WhiteElo "2360"]
[BlackElo "2267"]
[PlyCount "107"]
[EventDate "2016.12.03"]
[EventType "swiss"]
[EventRounds "9"]
[EventCountry "ESP"]
[SourceTitle "Ajedrez en Madrid"]
[Source "lmi"]
[SourceDate "2016.12.03"]

1. e4 e6 2. d4 d5 3. Nc3 Bb4 4. exd5 exd5 5. Bd3 Nf6 6. a3 Bd6 7. Bg5 c6 8.
Nge2 Bg4 9. Qd2 Nbd7 10. f3 Bh5 11. Ng3 Bg6 12. Nf5 Bxf5 13. Bxf5 O-O 14. O-O-O
b5 15. Ne2 Nb6 16. Kb1 Nc4 17. Qd3 b4 18. a4 g6 19. Bh3 b3 20. cxb3 Na5 21. Qc3
Kg7 22. Bd2 Bc7 23. Rhe1 Rb8 24. Nc1 Re8 25. g3 h5 26. Re5 Ng8 27. Rxe8 Qxe8
28. Re1 Qd8 29. Bf1 Qf6 30. Qe3 Bb6 31. Bc3 Bc7 32. b4 Nb7 33. Nd3 Nd6 34. Ne5
Nf5 35. Qd3 Re8 36. Ka2 Re6 37. Bh3 Re7 38. Bxf5 gxf5 39. Qa6 Nh6 40. Qxa7 f4
41. gxf4 Qxf4 42. Rg1+ Kh7 43. Qc5 Nf5 44. Nxc6 Re8 45. Qxd5 Ng7 46. Ne5 Re6
47. Qe4+ Qxe4 48. fxe4 f6 49. Nd7 Ra6 50. Kb3 Bxh2 51. Rg2 Bf4 52. d5 Ne8 53.
Nf8+ Kh6 54. Rg6# 1-0

[Event "18. Open de la Constitución 2016"]
[Site "San Sebastian de los Reyes ES"]
[Date "2016.12.11"]
[Round "9.4"]
[White "Fernandez Lledo, Javier"]
[Black "Ruiz Quevedo, Andres"]
[Result "1-0"]
[WhiteElo "2242"]
[BlackElo "1953"]
[PlyCount "37"]
[EventDate "2016.12.03"]
[EventType "swiss"]
[EventRounds "9"]
[EventCountry "ESP"]
[SourceTitle "Ajedrez en Madrid"]
[Source "lmi"]
[SourceDate "2016.12.03"]

1. e4 c5 2. Nf3 g6 3. d4 cxd4 4. Qxd4 Nf6 5. e5 Nc6 6. Qa4 Nd5 7. Qe4 Nc7 8.
Nc3 Bg7 9. Bf4 O-O 10. O-O-O b5 11. h4 Ne6 12. h5 Nxf4 13. Qxf4 Qa5 14. Kb1 d6
15. Qe4 b4 16. hxg6 Be6 17. Ng5 Qxe5 18. gxf7+ Rxf7 19. Nxe6 1-0

[Event "18. Open de la Constitución 2016"]
[Site "San Sebastian de los Reyes ES"]
[Date "2016.12.11"]
[Round "9.5"]
[White "Cabanas Bravo, Juan Andres"]
[Black "Rottenwohrer Suarez, Juan"]
[Result "0-1"]
[WhiteElo "1971"]
[BlackElo "2171"]
[PlyCount "68"]
[EventDate "2016.12.03"]
[EventType "swiss"]
[EventRounds "9"]
[EventCountry "ESP"]
[SourceTitle "Ajedrez en Madrid"]
[Source "lmi"]
[SourceDate "2016.12.03"]

1. e4 c5 2. Nf3 g6 3. d4 cxd4 4. Nxd4 Nc6 5. Nc3 Bg7 6. Be3 Nf6 7. Bc4 O-O 8.
Bb3 a5 9. f3 d5 10. Bxd5 Nxd5 11. Nxd5 f5 12. Nxc6 bxc6 13. Nb6 Rb8 14. Qxd8
Rxd8 15. Rd1 Rxd1+ 16. Kxd1 fxe4 17. fxe4 Bxb2 18. Nxc8 Rxc8 19. Ke2 Be5 20.
Bb6 a4 21. c4 c5 22. h3 Rb8 23. Bxc5 Rb2+ 24. Kf3 Rxa2 25. Bxe7 Kf7 26. Bc5 Rc2
27. Rd1 Rxc4 28. Rd5 Ke6 29. Bf8 Rc8 30. Bh6 Rc3+ 31. Ke2 Rc2+ 32. Kf3 a3 33.
Ra5 a2 34. Bf4 a1=Q 0-1

[Event "18. Open de la Constitución 2016"]
[Site "San Sebastian de los Reyes ES"]
[Date "2016.12.11"]
[Round "9.6"]
[White "Torres Bosch, Jose F"]
[Black "Hernandez Ramos, David"]
[Result "1-0"]
[WhiteElo "2142"]
[BlackElo "1979"]
[PlyCount "111"]
[EventDate "2016.12.03"]
[EventType "swiss"]
[EventRounds "9"]
[EventCountry "ESP"]
[SourceTitle "Ajedrez en Madrid"]
[Source "lmi"]
[SourceDate "2016.12.03"]

1. Nf3 g6 2. g3 Bg7 3. Bg2 Nf6 4. O-O d6 5. d4 O-O 6. a4 c6 7. a5 Bf5 8. Nbd2
Na6 9. c3 Qd7 10. Re1 Ne4 11. Nh4 Nxd2 12. Nxf5 Qxf5 13. Bxd2 Qd7 14. Qb3 Rab8
15. e4 Rfd8 16. Bf4 Nc7 17. h4 b6 18. Qc2 Ne6 19. Be3 Qc7 20. axb6 axb6 21. f4
Nf8 22. Qb3 c5 23. Ra6 cxd4 24. cxd4 b5 25. Rc1 Qd7 26. Rac6 Qg4 27. Bf2 Ne6
28. e5 dxe5 29. dxe5 h5 30. Bf3 Qf5 31. Bd5 Nf8 32. Qf3 Qd7 33. Bb3 Qb7 34. Qc3
e6 35. Bd1 b4 36. Qb3 Nd7 37. Bf3 Qb5 38. Rd6 Nf8 39. Bc6 Qe2 40. Re1 Qg4 41.
Rxd8 Rxd8 42. Qxb4 Bh6 43. Qe4 Rd1 44. Qf3 Rxe1+ 45. Bxe1 Qxf3 46. Bxf3 Nd7 47.
Ba5 Bf8 48. Bc6 Nb8 49. Bb5 Bc5+ 50. Kg2 Kf8 51. Bc7 Ba7 52. Bd6+ Kg7 53. b4
Kg8 54. Bc5 Bxc5 55. bxc5 Kf8 56. c6 1-0

[Event "18. Open de la Constitución 2016"]
[Site "San Sebastian de los Reyes ES"]
[Date "2016.12.11"]
[Round "9.7"]
[White "Alfaya Marcelo, Roberto"]
[Black "Vazquez Gonzalez, Jesus"]
[Result "1-0"]
[WhiteElo "2114"]
[BlackElo "1966"]
[PlyCount "109"]
[EventDate "2016.12.03"]
[EventType "swiss"]
[EventRounds "9"]
[EventCountry "ESP"]
[SourceTitle "Ajedrez en Madrid"]
[Source "lmi"]
[SourceDate "2016.12.03"]

1. d4 g6 2. c4 Bg7 3. Nf3 c5 4. Nc3 cxd4 5. Nxd4 Nc6 6. e3 d6 7. Be2 Nf6 8. O-O
O-O 9. Bf3 Ne5 10. Be2 Nc6 11. b3 a6 12. Bb2 Nxd4 13. Qxd4 Ng4 14. Qd2 Qa5 15.
Rfd1 Qe5 16. Bxg4 Bxg4 17. f3 Be6 18. Na4 Qh5 19. Bxg7 Kxg7 20. Nb6 Rab8 21. a4
Rfd8 22. a5 f6 23. b4 Bf7 24. e4 e6 25. Qf4 Qe5 26. Qxe5 dxe5 27. Nd7 Rbc8 28.
Nc5 Rd4 29. Rac1 Rc7 30. Kf2 f5 31. Rxd4 exd4 32. e5 Rc8 33. Ke2 g5 34. Kd3 Rd8
35. Nb3 f4 36. Nxd4 Bg6+ 37. Kc3 Kf7 38. Rd1 Ke7 39. Rd2 Rb8 40. Nb3 b6 41.
axb6 Rxb6 42. Nc5 Be8 43. Ra2 Bc6 44. Nxa6 g4 45. fxg4 Bxg2 46. Rxg2 Rxa6 47.
Rf2 Ra3+ 48. Kd4 Rh3 49. b5 Kd7 50. Rxf4 Rxh2 51. Rf7+ Ke8 52. Ra7 Rh4 53. b6
Rxg4+ 54. Kc5 Kd8 55. Rxh7 1-0

[Event "18. Open de la Constitución 2016"]
[Site "San Sebastian de los Reyes ES"]
[Date "2016.12.11"]
[Round "9.8"]
[White "Alonso Garuti, Luis E"]
[Black "Lozano Suarez, Luis Miguel"]
[Result "1/2-1/2"]
[WhiteElo "1844"]
[BlackElo "2147"]
[PlyCount "143"]
[EventDate "2016.12.03"]
[EventType "swiss"]
[EventRounds "9"]
[EventCountry "ESP"]
[SourceTitle "Ajedrez en Madrid"]
[Source "lmi"]
[SourceDate "2016.12.03"]

1. e4 d5 2. exd5 Qxd5 3. Nc3 Qd8 4. d4 Nf6 5. Nf3 Bg4 6. Be2 e6 7. O-O c6 8. h3
Bxf3 9. Bxf3 Nbd7 10. Qe2 Be7 11. Bf4 O-O 12. Rfd1 Nb6 13. Ne4 Nxe4 14. Bxe4
Nd5 15. Be5 Nf6 16. Bxf6 Bxf6 17. c3 g6 18. f4 h5 19. Rd3 Kg7 20. g3 Qd6 21.
Kg2 Rad8 22. Rf1 Rd7 23. b4 a5 24. a3 axb4 25. axb4 Ra8 26. g4 hxg4 27. hxg4
Rh8 28. Rh3 Rxh3 29. Kxh3 Rd8 30. Qf3 Rh8+ 31. Kg2 Bd8 32. Qg3 Bc7 33. Rf3 g5
34. Rf1 Qd8 35. Rh1 Rxh1 36. Kxh1 Qh8+ 37. Qh2 Qxh2+ 38. Kxh2 Bxf4+ 39. Kg2 Bd2
40. b5 Bxc3 41. bxc6 bxc6 42. Bxc6 Bxd4 43. Kf3 f5 44. Bd7 Kf6 45. Bc8 Ke5 46.
Bd7 Bc3 47. Bc8 Bd2 48. Bd7 fxg4+ 49. Kxg4 Kd5 50. Kf3 e5 51. Bf5 Kd4 52. Bg6
Bf4 53. Bh7 Kc3 54. Bg6 Kd2 55. Bf5 Ke1 56. Bh3 Bc1 57. Ke4 Bf4 58. Kf3 Bh2 59.
Kg4 Bf4 60. Kf3 Kd1 61. Bg4 Kd2 62. Bf5 Be3 63. Ke4 Bf4 64. Kf3 Kd1 65. Bg4 Ke1
66. Bh3 Bd2 67. Ke4 Bc3 68. Kf5 Kf2 69. Kxg5 e4 70. Bg4 Kg3 71. Kf5 e3 72. Bh5
1/2-1/2

[Event "18. Open de la Constitución 2016"]
[Site "San Sebastian de los Reyes ES"]
[Date "2016.12.11"]
[Round "9.9"]
[White "Perez Cameselle, Francisco Jose"]
[Black "Sebastian Enesco, Alex"]
[Result "1-0"]
[WhiteElo "1754"]
[BlackElo "1864"]
[PlyCount "145"]
[EventDate "2016.12.03"]
[EventType "swiss"]
[EventRounds "9"]
[EventCountry "ESP"]
[SourceTitle "Ajedrez en Madrid"]
[Source "lmi"]
[SourceDate "2016.12.03"]

1. e4 Nf6 2. Nc3 d5 3. exd5 Nxd5 4. Bc4 e6 5. Nf3 Be7 6. O-O O-O 7. d4 a6 8.
Re1 Bf6 9. Ne4 b5 10. Nxf6+ Nxf6 11. Bd3 h6 12. c3 Bb7 13. Ne5 Qd5 14. f3 Nbd7
15. Qe2 Nxe5 16. dxe5 Rfd8 17. Bc2 Qc5+ 18. Kh1 Ne8 19. Bf4 b4 20. cxb4 Qxb4
21. Be3 Qh4 22. Rad1 Rd5 23. Bf2 Qe7 24. Be4 Rb5 25. Bxb7 Rxb7 26. b3 a5 27.
Rd4 a4 28. Qe4 Rba7 29. b4 Rb8 30. Rc4 Rab7 31. a3 Qd7 32. Rd4 Qe7 33. Rc1 f5
34. exf6 Nxf6 35. Qc6 Nd5 36. Re4 Qg5 37. Rce1 Nf4 38. Bg3 Nd3 39. Qxe6+ Kh8
40. Rd1 Rd8 41. Rg1 Rb5 42. Rg4 Qh5 43. Qe7 Rg8 44. h3 c5 45. bxc5 Qxc5 46.
Qxc5 Rxc5 47. Rxa4 Nc1 48. Rd1 Ne2 49. Be1 Rgc8 50. Ra7 Re8 51. Kh2 Nf4 52. Bg3
Ne2 53. Rdd7 Rg5 54. Bh4 Rg6 55. Rd8 Rxd8 56. Bxd8 Nf4 57. g4 Rd6 58. Bc7 Rd2+
59. Kg3 Ne2+ 60. Kf2 Ra2 61. Ke3 Ng1 62. h4 Rb2 63. f4 Rb3+ 64. Ke4 Nf3 65. h5
Nd2+ 66. Kf5 Rb5+ 67. Be5 Nc4 68. Ke4 Rb1 69. Bxg7+ Kh7 70. Bf8+ Kh8 71. Bb4
Rg1 72. Rc7 Nb2 73. Bc3+ 1-0

[Event "18. Open de la Constitución 2016"]
[Site "San Sebastian de los Reyes ES"]
[Date "2016.12.11"]
[Round "9.10"]
[White "Calvo de Castro, Miguel"]
[Black "Perez Ordonez, Jose Ramon"]
[Result "1-0"]
[WhiteElo "1787"]
[BlackElo "1971"]
[PlyCount "89"]
[EventDate "2016.12.03"]
[EventType "swiss"]
[EventRounds "9"]
[EventCountry "ESP"]
[SourceTitle "Ajedrez en Madrid"]
[Source "lmi"]
[SourceDate "2016.12.03"]

1. d4 Nf6 2. c4 e6 3. Nf3 b6 4. g3 Bb7 5. Bg2 Be7 6. Nc3 Ne4 7. Qc2 Nxc3 8.
Qxc3 f5 9. O-O O-O 10. b3 d6 11. Bb2 Bf6 12. Rad1 c5 13. Qd2 Qc8 14. dxc5 Bxb2
15. Qxb2 dxc5 16. Rd6 Nc6 17. Rfd1 Rd8 18. Rxd8+ Nxd8 19. Ne5 Bxg2 20. Kxg2 Nc6
21. e3 Qc7 22. Nxc6 Qxc6+ 23. f3 b5 24. Qe5 bxc4 25. bxc4 Kf7 26. Rd6 Qc8 27.
e4 g6 28. exf5 gxf5 29. g4 fxg4 30. fxg4 Ke7 31. Rd3 Qc6+ 32. Kg3 Rg8 33. Qh5
h6 34. Rf3 Qc7+ 35. Kh3 Kd6 36. Qxh6 Qc8 37. Qf4+ Kc6 38. Qe4+ Kb6 39. Rb3+ Ka6
40. Ra3+ Kb6 41. Qb1+ Kc6 42. Qb5+ Kd6 43. Ra6+ Ke5 44. Qb2+ Ke4 45. Rxe6+ 1-0

[Event "18. Open de la Constitución 2016"]
[Site "San Sebastian de los Reyes ES"]
[Date "2016.12.11"]
[Round "9.11"]
[White "Guzman Castro, Enrique"]
[Black "Bombin Pinera, Dionisio"]
[Result "1-0"]
[WhiteElo "1742"]
[BlackElo "1956"]
[PlyCount "87"]
[EventDate "2016.12.03"]
[EventType "swiss"]
[EventRounds "9"]
[EventCountry "ESP"]
[SourceTitle "Ajedrez en Madrid"]
[Source "lmi"]
[SourceDate "2016.12.03"]

1. d4 Nf6 2. Bg5 d5 3. Bxf6 exf6 4. e3 Bd6 5. c4 c6 6. Nc3 dxc4 7. Bxc4 O-O 8.
Qc2 Qc7 9. Nf3 Bg4 10. Bd3 h6 11. h3 Bxf3 12. gxf3 Na6 13. a3 Qa5 14. Qd2 Nb4
15. Bb1 Rfd8 16. Ne4 c5 17. Ra2 Nc6 18. Qxa5 Nxa5 19. dxc5 Bc7 20. Nd2 Rd5 21.
b4 Nc6 22. Be4 Rh5 23. Bxc6 bxc6 24. Ke2 a5 25. Rb2 Be5 26. Rb3 axb4 27. axb4
Ra2 28. f4 Bc7 29. Rd3 Rb2 30. Rd7 Rd5 31. Rxd5 cxd5 32. Rb1 Rxb1 33. Nxb1 d4
34. b5 dxe3 35. fxe3 Kf8 36. b6 Bd8 37. Nc3 Ke8 38. Nb5 Kd7 39. Nd4 Kc8 40. Kf3
Kb7 41. Ke4 Be7 42. Kd5 g5 43. Nf5 Bf8 44. Nd6+ 1-0

[Event "18. Open de la Constitución 2016"]
[Site "San Sebastian de los Reyes ES"]
[Date "2016.12.11"]
[Round "9.12"]
[White "Gueler Berdasco, Martin"]
[Black "Romero Fite, Miguel"]
[Result "1/2-1/2"]
[WhiteElo "1929"]
[BlackElo "1790"]
[PlyCount "34"]
[EventDate "2016.12.03"]
[EventType "swiss"]
[EventRounds "9"]
[EventCountry "ESP"]
[SourceTitle "Ajedrez en Madrid"]
[Source "lmi"]
[SourceDate "2016.12.03"]

1. b4 e5 2. Bb2 Bxb4 3. Bxe5 Nf6 4. Nf3 O-O 5. e3 Re8 6. Be2 d5 7. O-O c5 8. c4
Nc6 9. Bb2 Bf5 10. d4 Qe7 11. Nbd2 Rad8 12. a3 Ba5 13. Nb3 dxc4 14. Nxa5 Nxa5
15. Qa4 Nb3 16. Rae1 cxd4 17. exd4 Qc7 1/2-1/2

[Event "18. Open de la Constitución 2016"]
[Site "San Sebastian de los Reyes ES"]
[Date "2016.12.11"]
[Round "9.13"]
[White "Gonzalez Berrendero, Carlos"]
[Black "Hernandez Ramos, Alberto"]
[Result "0-1"]
[WhiteElo "1834"]
[BlackElo "1666"]
[PlyCount "44"]
[EventDate "2016.12.03"]
[EventType "swiss"]
[EventRounds "9"]
[EventCountry "ESP"]
[SourceTitle "Ajedrez en Madrid"]
[Source "lmi"]
[SourceDate "2016.12.03"]

1. b3 Nf6 2. Bb2 e6 3. e3 d5 4. f4 c5 5. Nf3 Nc6 6. Bb5 Bd7 7. O-O Be7 8. a4
Qb6 9. Na3 a6 10. Bxc6 Bxc6 11. Ne5 O-O 12. Nxc6 bxc6 13. Rf3 c4 14. Bd4 c5 15.
Be5 cxb3 16. cxb3 Nd7 17. Rh3 Nxe5 18. fxe5 Qb4 19. d4 cxd4 20. exd4 Rac8 21.
Nc2 Rxc2 22. Qxc2 Qxd4+ 0-1